| 000 | 00617nam a22001457a 4500 | ||
|---|---|---|---|
| 020 | _a978-81-85986-03-6 | ||
| 082 |
_a823 _bNAR/E |
||
| 100 | _aNARAYAN, R K | ||
| 245 | _aTHE ENGLISH TEACHER | ||
| 260 |
_aCHENNAI _bINDIAN THOUGHT PUBLICATIONS _c2011 |
||
| 300 | _a183 | ||
| 520 | _aAs an English teacher and lecturer at Albert Mission College, Krishna has led a mundane and monotonous lifestyle comparable to that of a cow. But he also plays an important role in protecting Indian culture. His life changes when his wife, Susila, and their child, Leela, come to live with him. | ||
| 650 |
_aNOVEL _zINDIA |
||
| 942 | _cBK | ||
| 999 |
_c3656 _d3656 |
||